Normal view
MARC view
- Panchal, V.M
Entry Personal Name
001 - CONTROL NUMBER
- control field: 1434
003 - CONTROL NUMBER IDENTIFIER
- control field: OSt
005 - DATE AND TIME OF LATEST TRANSACTION
- control field: 20160903151926.0
008 - FIXED-LENGTH DATA ELEMENTS
- fixed length control field: 160903|| aca||aabn | a|a d
040 ## - CATALOGING SOURCE
- Original cataloging agency: OSt
- Transcribing agency: OSt
100 ## - HEADING--PERSONAL NAME
- Personal name: Panchal, V.M
670 ## - SOURCE DATA FOUND
- Source citation: Work cat.: (OSt)13644: Bhatt, N.D 1433, Engineering Drawing: Plane and Solid Geometry, 2012
